000
00257nam a2200109Ia 4500
008
231212s1981 xx 000 0 und d
041
_a
eng
082
_a
621
100
_a
Myskls A.D.
245
_a
Introductory Mathematics
260
_a
Mascow
_b
Mir Pub
_c
1981
999
_c
958495
_d
958495